Yessir Whatever Tracklist (Quasimoto, Madlib) - Statistics

General Stats
  • This quiz has been taken 3 times
  • The average score is 8 of 12
Answer Stats
Hint Answer % Correct
11 Green Power
100%
2 Seasons Change
100%
9 Am I Confused?
67%
5 Astronaut
67%
1 Broad Factor
67%
8 Catchin' the Vibe
67%
12 LAX to JFK
67%
6 Planned Attack
67%
4 Youngblood
67%
7 Brothers Cant See Me
33%
10 Sparkdala
33%
3 The Front
33%
No matching quizzes found
Score Distribution
Percent of People with Each Score
Percentile by Number Answered
Your Score History
You have not taken this quiz